[Event "29ème Open International d'Echecs d'Avoi"]
[Site "Avoine"]
[Date "2014.07.23"]
[Round "5.1"]
[White "Lagarde, Maxime"]
[Black "Belenkaya, Dina"]
[Result "1-0"]
[WhiteElo "2521"]
[BlackElo "2223"]
[PlyCount "125"]
[EventDate "2014.??.??"]

1. e4 c6 2. c4 d5 3. exd5 cxd5 4. cxd5 Nf6 5. Nc3 Nxd5 6. Nf3 Nxc3 7. bxc3 g6
8. d4 Bg7 9. Bd3 O-O 10. O-O Nc6 11. Be4 Qc7 12. Re1 Rd8 13. Bg5 Be6 14. Qe2
Na5 15. Rad1 h6 16. Bh4 g5 17. Bxg5 Bc4 18. Bd3 Bxd3 19. Rxd3 hxg5 20. Nxg5 Qc4
21. Qe4 Rd6 22. Qh7+ Kf8 23. Rg3 Rg6 24. h4 Rc8 25. h5 Rh6 26. Ne6+ Rxe6 27.
Qxg7+ Ke8 28. Rxe6 Qxe6 29. h6 Qe1+ 30. Kh2 Qxf2 31. h7 Kd7 32. Qg4+ Kc7 33.
Qxc8+ Kxc8 34. h8=Q+ Kd7 35. Qh3+ Kc7 36. Qh4 Kd7 37. Qg4+ f5 38. Qf3 Qxf3 39.
Rxf3 e6 40. Kg3 Nc4 41. Kf4 Kd6 42. Rh3 b5 43. Rh8 Nb6 44. Ke3 a5 45. Rb8 Kc7
46. Rxb6 Kxb6 47. Kf4 Kc6 48. Ke5 Kd7 49. d5 exd5 50. Kxd5 b4 51. cxb4 axb4 52.
Kc4 Ke6 53. Kxb4 Ke5 54. a4 Kf4 55. a5 Kg3 56. a6 f4 57. a7 Kxg2 58. a8=Q+ f3
59. Kc3 Kg3 60. Kd2 Kf2 61. Qe8 Kf1 62. Qe3 f2 63. Qd4 1-0

[Event "29ème Open International d'Echecs d'Avoi"]
[Site "Avoine"]
[Date "2014.07.23"]
[Round "5.2"]
[White "Petre, Nad-Titus"]
[Black "Greenfeld, Alon"]
[Result "1/2-1/2"]
[WhiteElo "2371"]
[BlackElo "2540"]
[PlyCount "86"]
[EventDate "2014.??.??"]

1. c4 Nf6 2. Nf3 c5 3. g3 Nc6 4. Bg2 d5 5. O-O e5 6. d3 Be7 7. Nc3 d4 8. Na4
Bg4 9. h3 Bh5 10. a3 O-O 11. Nh4 Re8 12. Rb1 e4 13. g4 Nxg4 14. hxg4 Bxg4 15.
f3 Bc8 16. fxe4 Bxh4 17. Nxc5 Bg3 18. Rf3 Qh4 19. Rxg3 Qxg3 20. Qf1 b6 21. Bf4
Qg6 22. Nb3 Bh3 23. Qf3 Bxg2 24. Qxg2 Re6 25. Rf1 Rf8 26. Bg3 Qg5 27. Rf5 Qe3+
28. Kf1 Rg6 29. Bf4 Rxg2 30. Bxe3 Rg4 31. Nxd4 Nxd4 32. Bxd4 Rd8 33. Be5 f6 34.
Bc7 Rd7 35. Bb8 Kf7 36. b4 Rb7 37. Bh2 g6 38. Rd5 h5 39. Kf2 Rh4 40. Kg2 Rg4+
41. Kf3 Rh4 42. Kg2 Rg4+ 43. Kf3 Rh4 1/2-1/2

[Event "29ème Open International d'Echecs d'Avoi"]
[Site "Avoine"]
[Date "2014.07.23"]
[Round "5.3"]
[White "Perrin, Guillaume"]
[Black "Castellanos Rodrigue, Renier"]
[Result "1/2-1/2"]
[WhiteElo "2294"]
[BlackElo "2479"]
[PlyCount "70"]
[EventDate "2014.??.??"]

1. d4 Nf6 2. c4 e6 3. Nf3 b6 4. g3 Bb4+ 5. Bd2 Be7 6. Bg2 c6 7. Ne5 O-O 8. O-O
d5 9. Qa4 Bb7 10. Nc3 a6 11. cxd5 cxd5 12. Bg5 b5 13. Qb3 Nc6 14. Nxc6 Bxc6 15.
Rfc1 Rc8 16. e3 Qd7 17. Bxf6 Bxf6 18. Ne2 Be7 19. Nf4 b4 20. Nd3 Bb5 21. Ne5
Qb7 22. a4 bxa3 23. bxa3 Rxc1+ 24. Rxc1 Rc8 25. Rb1 Qc7 26. a4 Be8 27. Bf1 a5
28. Ba6 Ra8 29. Bb5 Rb8 30. Qd1 Bxb5 31. axb5 Bb4 32. Qa4 Qb6 33. Nc6 Qxb5 34.
Qxb5 Rxb5 35. Nxa5 Rxa5 1/2-1/2

[Event "29ème Open International d'Echecs d'Avoi"]
[Site "Avoine"]
[Date "2014.07.23"]
[Round "5.4"]
[White "Filip, Lucian"]
[Black "Inkiov, Ventzislav"]
[Result "1/2-1/2"]
[WhiteElo "2458"]
[BlackElo "2428"]
[PlyCount "75"]
[EventDate "2014.??.??"]

1. Nf3 Nf6 2. c4 e6 3. g3 d5 4. d4 dxc4 5. Bg2 c5 6. O-O Nc6 7. Ne5 Nxe5 8.
dxe5 Nd5 9. Na3 c3 10. Qc2 cxb2 11. Bxb2 Bd7 12. Nc4 Rc8 13. Rfd1 b5 14. Nd6+
Bxd6 15. exd6 O-O 16. Bxd5 exd5 17. Rxd5 c4 18. Qd2 Re8 19. Bc3 Re6 20. Rd1 Qe8
21. e3 f6 22. a3 Qf7 23. f3 Bc6 24. d7 Rd8 25. Ba5 Rxd7 26. Rxd7 Bxd7 27. Qxd7
Qxd7 28. Rxd7 Rxe3 29. a4 Ra3 30. Rxa7 Rxa4 31. Bb6 Rb4 32. Rc7 Rb3 33. f4 c3
34. Ba5 b4 35. Kf2 Rb2+ 36. Ke3 c2 37. Bxb4 Rxb4 38. Rxc2 1/2-1/2

[Event "29ème Open International d'Echecs d'Avoi"]
[Site "Avoine"]
[Date "2014.07.23"]
[Round "5.5"]
[White "Haub, Thorsten Michael"]
[Black "Francois, Adrien"]
[Result "1-0"]
[WhiteElo "2429"]
[BlackElo "1733"]
[PlyCount "65"]
[EventDate "2014.??.??"]

1. Nf3 c5 2. g3 Nc6 3. Bg2 g6 4. O-O Bg7 5. c3 e5 6. e4 Nge7 7. d3 d6 8. Nbd2
O-O 9. Nh4 Be6 10. f4 Qd7 11. Ndf3 exf4 12. gxf4 d5 13. Qe2 Rad8 14. Qf2 d4 15.
c4 b5 16. cxb5 Nb4 17. Ne1 f5 18. a3 Na2 19. exf5 gxf5 20. a4 Nb4 21. Bd2 Nbd5
22. Kh1 Bf6 23. Rg1 Kh8 24. Nef3 Qd6 25. Rae1 Bxh4 26. Nxh4 Rg8 27. Qe2 Bf7 28.
Qe5+ Qxe5 29. Rxe5 Ng6 30. Nxg6+ hxg6 31. Bf3 Kg7 32. Rxf5 Ne3 33. Rxc5 1-0

[Event "29ème Open International d'Echecs d'Avoi"]
[Site "Avoine"]
[Date "2014.07.23"]
[Round "5.6"]
[White "Purenne, Benoit"]
[Black "Sochacki, Christophe"]
[Result "1/2-1/2"]
[WhiteElo "2225"]
[BlackElo "2449"]
[PlyCount "77"]
[EventDate "2014.??.??"]

1. Nf3 Nf6 2. d4 g6 3. g3 Bg7 4. Bg2 O-O 5. O-O d6 6. c4 Nc6 7. d5 Na5 8. Qa4
c5 9. Bd2 b6 10. Bxa5 bxa5 11. Nbd2 Rb8 12. Qc2 a4 13. Qxa4 Bf5 14. Nh4 Rxb2
15. Nxf5 gxf5 16. Rfd1 Qd7 17. Qa3 Nxd5 18. cxd5 Rxd2 19. Rxd2 Bxa1 20. Qd3 Rc8
21. Rc2 e6 22. e4 fxe4 23. Bxe4 h6 24. dxe6 fxe6 25. Bg2 Bg7 26. Bh3 d5 27. Qg6
Kh8 28. Qxe6 Qxe6 29. Bxe6 Rd8 30. Rxc5 d4 31. Rc8 Rxc8 32. Bxc8 d3 33. Kf1 Bc3
34. Ba6 d2 35. Ke2 Bd4 36. Kxd2 Bxf2 37. Ke2 Bb6 38. Kf3 Kg7 39. Ke4 1/2-1/2

[Event "29ème Open International d'Echecs d'Avoi"]
[Site "Avoine"]
[Date "2014.07.23"]
[Round "5.7"]
[White "Smith, Matthieu"]
[Black "Colin, Vincent"]
[Result "0-1"]
[WhiteElo "2159"]
[BlackElo "2435"]
[PlyCount "76"]
[EventDate "2014.??.??"]

1. d4 d6 2. c4 e5 3. Nc3 exd4 4. Qxd4 Nc6 5. Qd2 Nge7 6. b3 Be6 7. e4 Qd7 8.
Bb2 O-O-O 9. O-O-O f5 10. Bd3 Ne5 11. Bc2 N7c6 12. Nge2 g6 13. Nd5 fxe4 14.
Bxe4 Bf5 15. Bxf5 Qxf5 16. Ng3 Qf7 17. Kb1 Bg7 18. f3 Rhe8 19. Rhe1 Nd7 20.
Rxe8 Rxe8 21. Bxg7 Qxg7 22. Ne4 Qe5 23. h3 Nc5 24. Ndf6 Nxe4 25. Nxe4 Qf5 26.
Kb2 Re5 27. Qc3 Qe6 28. Rd2 b6 29. Rd1 Kb7 30. Qd2 a5 31. Qc3 a4 32. b4 d5 33.
cxd5 Rxd5 34. Rc1 Qd7 35. Nf6 Rd2+ 36. Rc2 Rxc2+ 37. Kxc2 Qd6 38. a3 Nd4+ 0-1

[Event "29ème Open International d'Echecs d'Avoi"]
[Site "Avoine"]
[Date "2014.07.23"]
[Round "5.8"]
[White "Naudion, Gregoire"]
[Black "Vedmediuc, Serghei"]
[Result "0-1"]
[WhiteElo "2167"]
[BlackElo "2430"]
[PlyCount "70"]
[EventDate "2014.??.??"]

1. e4 c5 2. Nf3 Nc6 3. d4 cxd4 4. Nxd4 Qb6 5. Nb3 Nf6 6. Bd3 e6 7. O-O Be7 8.
Bf4 d6 9. h3 O-O 10. Re1 Qc7 11. N1d2 b6 12. Nf3 Bb7 13. c3 Rad8 14. Qe2 e5 15.
Bg3 Nh5 16. Bh2 Bf6 17. Rad1 g6 18. Ba6 Ba8 19. Qc4 Qe7 20. Na1 Bg7 21. Nc2 Nb8
22. Nb4 Nxa6 23. Qxa6 Nf6 24. Qd3 Qc7 25. Bg3 h6 26. Nh2 a5 27. Nd5 Nxd5 28.
exd5 Qc5 29. Qe3 Bxd5 30. Qxc5 dxc5 31. Bxe5 Bxe5 32. Rxe5 Bxa2 33. Rxd8 Rxd8
34. Ng4 Rd1+ 35. Kh2 Rd2 0-1

[Event "29ème Open International d'Echecs d'Avoi"]
[Site "Avoine"]
[Date "2014.07.23"]
[Round "5.9"]
[White "Song, Julien"]
[Black "Bizovi, Mihai"]
[Result "1-0"]
[WhiteElo "2417"]
[BlackElo "2157"]
[PlyCount "51"]
[EventDate "2014.??.??"]

1. d4 e6 2. c4 Nf6 3. Nf3 d5 4. g3 Bb4+ 5. Nbd2 dxc4 6. Bg2 Nc6 7. O-O c3 8.
Nc4 cxb2 9. Bxb2 O-O 10. Qb3 a5 11. a3 a4 12. Qc2 Be7 13. Rfd1 Bd7 14. Nfe5
Nxe5 15. Nxe5 c6 16. e4 Be8 17. Bc3 Nd7 18. Nd3 Nb6 19. Nc5 Qc7 20. Rab1 e5 21.
Bf1 Ra7 22. Qb2 Nd7 23. Nd3 c5 24. dxe5 Nb8 25. Nf4 Bd8 26. e6 1-0

[Event "29ème Open International d'Echecs d'Avoi"]
[Site "Avoine"]
[Date "2014.07.23"]
[Round "5.10"]
[White "Burri, Quentin"]
[Black "Godart, Francois"]
[Result "1/2-1/2"]
[WhiteElo "2135"]
[BlackElo "2399"]
[PlyCount "66"]
[EventDate "2014.??.??"]

1. e4 e6 2. d4 d5 3. Nd2 c5 4. exd5 Qxd5 5. Ngf3 cxd4 6. Bc4 Qd6 7. O-O Nf6 8.
Nb3 Nc6 9. Nbxd4 Nxd4 10. Qxd4 Qxd4 11. Nxd4 Bd7 12. Bf4 Rc8 13. Be2 Bc5 14.
Nb3 Bb6 15. c4 O-O 16. Rac1 Rfd8 17. Bf3 Bc6 18. c5 Bc7 19. Bxc6 bxc6 20. Bxc7
Rxc7 21. Rfd1 Nd5 22. Na5 Rb8 23. Rd2 Rb5 24. Nb3 Kf8 25. Nd4 Rb8 26. Rc4 e5
27. Nb3 Rb5 28. g3 Nb4 29. a4 Rb8 30. Na5 Ke8 31. Re4 f6 32. f4 Rd7 33. Rde2
Nd3 1/2-1/2

[Event "29ème Open International d'Echecs d'Avoi"]
[Site "Avoine"]
[Date "2014.07.19"]
[Round "5.11"]
[White "Okhotnik, Vladimir"]
[Black "Goettelmann, Guillaume"]
[Result "1/2-1/2"]
[WhiteElo "2396"]
[BlackElo "2119"]
[PlyCount "106"]
[EventDate "2014.??.??"]

1. e4 e5 2. Nf3 Nc6 3. Bc4 Nf6 4. d3 h6 5. a3 d6 6. h3 Be7 7. Nc3 O-O 8. O-O
Be6 9. Nd5 Qd7 10. Be3 Nd8 11. Bb3 c6 12. Nxf6+ Bxf6 13. c4 c5 14. Ba4 Nc6 15.
b4 b6 16. Nd2 Qc7 17. Bxc6 Qxc6 18. b5 Qc7 19. Nb1 Be7 20. g4 g5 21. Nc3 f6 22.
f3 Rf7 23. a4 Bd8 24. Bd2 Qc8 25. a5 Rb8 26. axb6 axb6 27. Ra6 Rfb7 28. Qe2 Qd7
29. Rfa1 Kg7 30. Qh2 Qf7 31. Kf2 h5 32. h4 hxg4 33. Rh1 Qh5 34. hxg5 Qxh2+ 35.
Rxh2 fxg5 36. Ra1 Rf7 37. Nd5 Bxd5 38. cxd5 Rxf3+ 39. Ke2 Rf7 40. Rg2 Kg6 41.
Rxg4 Rh7 42. Rg2 Bf6 43. Ra6 Bd8 44. Rf2 Bf6 45. Rg2 Bd8 46. Kd1 Bf6 47. Kc2
Bd8 48. Rf2 Bf6 49. Kb3 Rbb7 50. Ra8 Ra7 51. Rg8+ Rag7 52. Rb8 Rb7 53. Rf8 Rbf7
1/2-1/2

[Event "29ème Open International d'Echecs d'Avoi"]
[Site "Avoine"]
[Date "2014.07.19"]
[Round "5.12"]
[White "Dutreuil, Raphael"]
[Black "Bujisho, Benjamin"]
[Result "1/2-1/2"]
[WhiteElo "2118"]
[BlackElo "2367"]
[PlyCount "93"]
[EventDate "2014.??.??"]

1. d4 Nf6 2. c4 g6 3. Nc3 Bg7 4. e4 d6 5. f3 O-O 6. Be3 a6 7. Qd2 c6 8. c5 b6
9. cxb6 Nbd7 10. Nh3 Nxb6 11. Nf2 a5 12. Be2 Ba6 13. b3 a4 14. O-O Qc7 15. Rab1
axb3 16. axb3 Bxe2 17. Qxe2 Ra3 18. Rfc1 Qb7 19. b4 Nfd7 20. Nfd1 Rfa8 21. h4
h5 22. g4 hxg4 23. fxg4 e5 24. b5 cxb5 25. d5 Qa6 26. Nxb5 Ra2 27. Qf3 Rf8 28.
Rc7 Qa5 29. Qf1 f5 30. gxf5 gxf5 31. Ra7 fxe4 32. Rxa5 Rxf1+ 33. Kxf1 Rxa5 34.
Bxb6 Nxb6 35. Nxd6 Nxd5 36. Nxe4 Ra4 37. Ndf2 Ne3+ 38. Ke2 Nf5 39. Kf3 Nxh4+
40. Kg4 Ng6 41. Kg5 Nf8 42. Kf5 Ra8 43. Ng4 Nh7 44. Ngf6+ Nxf6 45. Nxf6+ Bxf6
46. Kxf6 Ra6+ 47. Kxe5 1/2-1/2

[Event "29ème Open International d'Echecs d'Avoi"]
[Site "Avoine"]
[Date "2014.07.19"]
[Round "5.13"]
[White "Travadon, Loic"]
[Black "Bon, Michael"]
[Result "0-1"]
[WhiteElo "1892"]
[BlackElo "2353"]
[PlyCount "50"]
[EventDate "2014.??.??"]

1. e4 c5 2. Nf3 d6 3. d4 cxd4 4. Nxd4 Nf6 5. Nc3 a6 6. Bg5 Nc6 7. Bxf6 gxf6 8.
Qd2 e6 9. O-O-O Bd7 10. f4 b5 11. f5 Qb6 12. fxe6 fxe6 13. Be2 h5 14. Kb1 b4
15. Nxc6 Bxc6 16. Nd5 exd5 17. exd5 Bd7 18. Bd3 O-O-O 19. Qf4 Bg7 20. Bf5 Bh6
21. Bxd7+ Rxd7 22. Qxf6 Bg7 23. Qf5 Qd8 24. Qd3 Qf6 25. Qc4+ Kb8 0-1

[Event "29ème Open International d'Echecs d'Avoi"]
[Site "Avoine"]
[Date "2014.07.19"]
[Round "5.14"]
[White "Gatineau, Yovann"]
[Black "Doluhanova, Evgeniya"]
[Result "0-1"]
[WhiteElo "1886"]
[BlackElo "2334"]
[PlyCount "118"]
[EventDate "2014.??.??"]

1. d4 Nf6 2. c4 e6 3. Nc3 Bb4 4. e3 O-O 5. Nge2 Re8 6. a3 Bf8 7. Nf4 d6 8. Be2
Nbd7 9. O-O e5 10. Nfd5 Nxd5 11. cxd5 exd4 12. exd4 g6 13. Bf4 Bg7 14. Qd2 Nb6
15. a4 Bd7 16. Rfe1 Nc8 17. Bf3 a6 18. Ne4 Nb6 19. Nc3 Rxe1+ 20. Rxe1 Nxa4 21.
Ne4 Nb6 22. Bh6 Nxd5 23. Nxd6 cxd6 24. Bxd5 Bxh6 25. Qxh6 Qf6 26. Bxb7 Rb8 27.
Bxa6 Qxd4 28. b3 Rxb3 29. Qg5 Rb2 30. Qg3 Be6 31. Rc1 Qd2 32. Qe3 Qxe3 33. fxe3
Bd5 34. Bf1 Be4 35. Re1 Kg7 36. Be2 Kf6 37. Bf3 Ke5 38. Rd1 d5 39. Rd4 Bxf3 40.
gxf3 Re2 41. f4+ Ke6 42. Rd3 f6 43. h3 g5 44. fxg5 fxg5 45. Ra3 h5 46. Ra8 Kf5
47. Re8 h4 48. Kh1 Kf6 49. Rf8+ Kg6 50. Rg8+ Kh6 51. Rd8 Rxe3 52. Rxd5 Rxh3+
53. Kg2 Ra3 54. Rd4 Kh5 55. Rb4 Ra2+ 56. Kg1 h3 57. Kh1 g4 58. Rb3 Kh4 59. Rb8
Ra1+ 0-1

[Event "29ème Open International d'Echecs d'Avoi"]
[Site "Avoine"]
[Date "2014.07.19"]
[Round "5.15"]
[White "Delorme, Alban"]
[Black "Marimoutou, Loic"]
[Result "1-0"]
[WhiteElo "2292"]
[BlackElo "2081"]
[PlyCount "40"]
[EventDate "2014.??.??"]

1. d4 Nf6 2. Nf3 g6 3. Nbd2 d5 4. e3 Bg7 5. b4 a5 6. b5 O-O 7. c4 c5 8. Bb2
Nbd7 9. Rc1 b6 10. cxd5 cxd4 11. Nxd4 Nxd5 12. Nc6 Qe8 13. Bxg7 Kxg7 14. Nc4
N7f6 15. e4 Nb4 16. Nxb6 Nxa2 17. Nxa8 Bg4 18. f3 Nxc1 19. Qxc1 Qxa8 20. fxg4
Qc8 1-0

[Event "29ème Open International d'Echecs d'Avoi"]
[Site "Avoine"]
[Date "2014.07.19"]
[Round "5.16"]
[White "Chargelegue, Thomas"]
[Black "Bouget, Alexandre"]
[Result "0-1"]
[WhiteElo "1876"]
[BlackElo "2287"]
[PlyCount "86"]
[EventDate "2014.??.??"]

1. e4 e6 2. d4 d5 3. Nc3 Bb4 4. e5 c5 5. a3 Bxc3+ 6. bxc3 Qa5 7. Bd2 Qa4 8. Rb1
c4 9. h4 Nc6 10. h5 h6 11. Rh3 Nge7 12. g4 b6 13. f4 Bd7 14. Rf3 O-O-O 15. Bh3
g6 16. Ne2 gxh5 17. gxh5 Nf5 18. Bxf5 exf5 19. Kf2 Qxa3 20. Ra1 Qe7 21. Qh1
Rdg8 22. Rg3 Be6 23. Rag1 Rg4 24. Bc1 Kb7 25. Rxg4 fxg4 26. Kg3 Bf5 27. Qh4 Qe6
28. Kf2 Rg8 29. Qf6 Bxc2 30. Ng3 Ne7 31. Ba3 Nf5 32. Nxf5 Bxf5 33. Bd6 Qxf6 34.
exf6 Re8 35. Be7 a5 36. Re1 b5 37. Re5 Be4 38. Kg3 Kc6 39. Re6+ fxe6 40. f7 Rb8
41. f8=Q Rxf8 42. Bxf8 b4 43. cxb4 a4 0-1

[Event "29ème Open International d'Echecs d'Avoi"]
[Site "Avoine"]
[Date "2014.07.19"]
[Round "5.17"]
[White "Tomasi, Albert"]
[Black "Le Corre, Benjamin"]
[Result "1-0"]
[WhiteElo "1846"]
[BlackElo "2272"]
[PlyCount "81"]
[EventDate "2014.??.??"]

1. e4 c5 2. Nc3 Nc6 3. Bb5 Nd4 4. Bc4 e6 5. Nf3 Nf6 6. O-O b5 7. Nxb5 Nxb5 8.
Bxb5 Nxe4 9. d4 Qb6 10. Bd3 Bb7 11. Re1 Nf6 12. dxc5 Bxc5 13. Qe2 Ng4 14. Rf1
Qc7 15. Be4 d5 16. Bd3 Bd6 17. Bb5+ Kf8 18. h3 h5 19. Re1 Nf6 20. Bd3 Re8 21.
Ne5 Ne4 22. Nc4 Be7 23. Bxe4 dxe4 24. Ne3 f5 25. b3 Bf6 26. Ba3+ Kg8 27. Rad1
Bc3 28. Rf1 Qa5 29. Bd6 Ba6 30. Nc4 Qxa2 31. Qe3 Bf6 32. Qxa7 Kh7 33. Ne5 Qb2
34. Qf7 Bb5 35. Qxh5+ Kg8 36. Qf7+ Kh7 37. Qg6+ Kg8 38. c4 Rf8 39. Bxf8 Qxe5
40. cxb5 e3 41. Bxg7 1-0

[Event "29ème Open International d'Echecs d'Avoi"]
[Site "Avoine"]
[Date "2014.07.19"]
[Round "5.18"]
[White "Kambrath, Yannick"]
[Black "Mattheys, Eddy"]
[Result "1-0"]
[WhiteElo "2259"]
[BlackElo "1890"]
[PlyCount "59"]
[EventDate "2014.??.??"]

1. c4 Nf6 2. Nc3 g6 3. e4 d6 4. g3 Bg7 5. Bg2 O-O 6. Nge2 e5 7. O-O Nc6 8. d3
Bg4 9. h3 Bd7 10. Be3 Ne8 11. d4 exd4 12. Nxd4 Nxd4 13. Bxd4 Bc6 14. Be3 f5 15.
Qb3 fxe4 16. Nxe4 h6 17. c5+ Kh8 18. Rad1 Qe7 19. cxd6 cxd6 20. Nc3 Nf6 21.
Rfe1 Qc7 22. Nb5 Bxb5 23. Qxb5 Rf7 24. Bf4 Bf8 25. Qb3 Rd8 26. Re6 Kg7 27. Qe3
Ng8 28. Qxa7 Qc2 29. Qd4+ Kh7 30. Be4 1-0

[Event "29ème Open International d'Echecs d'Avoi"]
[Site "Avoine"]
[Date "2014.07.23"]
[Round "5.19"]
[White "Frick, Christoph"]
[Black "Maloberti, David"]
[Result "1-0"]
[WhiteElo "2246"]
[BlackElo "2037"]
[PlyCount "149"]
[EventDate "2014.??.??"]

1. e4 e6 2. Qe2 c5 3. g3 Nc6 4. Bg2 Nd4 5. Qd1 d5 6. d3 Nf6 7. e5 Nd7 8. c3 Nc6
9. f4 Be7 10. Nf3 O-O 11. O-O f6 12. d4 cxd4 13. cxd4 Nb6 14. Nc3 Bd7 15. exf6
Bxf6 16. Re1 a6 17. b3 Rc8 18. Ba3 Be7 19. Bxe7 Nxe7 20. Qd2 Nf5 21. Rac1 Qf6
22. Ne5 Qd8 23. Ne2 Qe7 24. Nd3 Bc6 25. Rc2 Nd7 26. Rec1 Qd6 27. Bh3 g6 28. Bg2
Ne7 29. a4 Nf6 30. Nc5 Ne4 31. Qa5 Nxc5 32. dxc5 Qd7 33. Nd4 Nf5 34. Qc3 Rfe8
35. Re2 b6 36. Qd2 bxc5 37. Rxc5 Qa7 38. b4 Bd7 39. Nxf5 gxf5 40. Qd4 Bxa4 41.
Rxe6 Rxc5 42. Rxe8+ Bxe8 43. Bxd5+ Bf7 44. bxc5 a5 45. Bxf7+ Kxf7 46. Qd5+ Kf6
47. Qd6+ Kf7 48. Qd5+ Kf6 49. Qe5+ Kg6 50. g4 a4 51. gxf5+ Kf7 52. Qe6+ Kf8 53.
Qf6+ Kg8 54. Qb6 Qg7+ 55. Kf2 Qd4+ 56. Kf3 Qc3+ 57. Ke4 a3 58. Qd8+ Kf7 59.
Qd7+ Kf8 60. c6 Qc2+ 61. Kf3 a2 62. c7 Qc3+ 63. Kg2 Qc2+ 64. Kh3 Qc3+ 65. Kg4
a1=Q 66. c8=Q+ Qxc8 67. Qxc8+ Kg7 68. Qd7+ Kf8 69. Qd6+ Kf7 70. Qd5+ Kf8 71.
Kh5 Qg1 72. h4 Qg3 73. Qd8+ Kf7 74. Qg5 Qc3 75. f6 1-0

[Event "29ème Open International d'Echecs d'Avoi"]
[Site "Avoine"]
[Date "2014.07.19"]
[Round "5.20"]
[White "Vavric, Pavel"]
[Black "Bouvet, Florian"]
[Result "1-0"]
[WhiteElo "2235"]
[BlackElo "1854"]
[PlyCount "105"]
[EventDate "2014.??.??"]

1. e4 c5 2. Nf3 d6 3. d4 cxd4 4. Nxd4 Nf6 5. Nc3 a6 6. f4 e6 7. a4 d5 8. e5
Nfd7 9. Bd3 Nc6 10. Nce2 Nc5 11. O-O Nxd3 12. Qxd3 Bc5 13. Be3 O-O 14. Nxc6
Bxe3+ 15. Qxe3 bxc6 16. Qc5 Rb8 17. b4 Qb6 18. Rfb1 Bd7 19. Nd4 Rb7 20. a5 Qc7
21. Rf1 Rbb8 22. Rfe1 Rbe8 23. Nb3 f6 24. Qd4 f5 25. Nc5 Bc8 26. Qd3 Qb8 27.
Qc3 Qb5 28. Nb3 Bd7 29. Nd4 Qb7 30. h3 g6 31. Qc5 Rc8 32. Re3 Rc7 33. g4 Kf7
34. gxf5 gxf5 35. Rg3 Qa7 36. Kf2 Qxc5 37. bxc5 Rb7 38. Rag1 Ke7 39. Rb3 Rxb3
40. cxb3 Kf7 41. Ke3 Rb8 42. Kd3 Bc8 43. Kc3 Bb7 44. h4 Bc8 45. Nxc6 Rb5 46. b4
Bd7 47. Nd4 Rb8 48. h5 Ra8 49. h6 Rg8 50. Rxg8 Kxg8 51. c6 Bc8 52. b5 axb5 53.
Nxb5 1-0

[Event "29ème Open International d'Echecs d'Avoi"]
[Site "Avoine"]
[Date "2014.07.19"]
[Round "5.21"]
[White "Afraoui, Anaelle"]
[Black "Sgircea, Silvia-Raluca"]
[Result "0-1"]
[WhiteElo "1838"]
[BlackElo "2207"]
[PlyCount "88"]
[EventDate "2014.??.??"]

1. e4 c5 2. Nf3 Nc6 3. d4 cxd4 4. Nxd4 g6 5. Nc3 Bg7 6. Be3 Nf6 7. Bc4 Qa5 8.
O-O O-O 9. Bb3 d6 10. h3 Bd7 11. Qd2 Nxe4 12. Nxc6 Nxd2 13. Nxa5 Nxf1 14. Rxf1
b6 15. Nc4 Be6 16. Bd2 d5 17. Na3 Rfd8 18. Nab5 d4 19. Ne4 Bxb3 20. axb3 a6 21.
Na3 h6 22. Bb4 Ra7 23. Nc4 f5 24. Ng3 b5 25. Nd2 Rc8 26. c3 dxc3 27. bxc3 Bxc3
28. Bxc3 Rxc3 29. Re1 Rd7 30. Ngf1 Kf7 31. Nf3 Kf6 32. N1d2 e5 33. Re2 e4 34.
Nh2 Rc1+ 35. Nhf1 a5 36. Kh2 Rd1 37. g4 a4 38. bxa4 bxa4 39. Kg2 a3 40. Nc4 Ra1
41. Nfd2 Rd3 42. gxf5 gxf5 43. Ne3 a2 44. Ndc4 Rg1+ 0-1

[Event "29ème Open International d'Echecs d'Avoi"]
[Site "Avoine"]
[Date "2014.07.19"]
[Round "5.22"]
[White "Gao, Etienne"]
[Black "Ollier, Milan"]
[Result "0-1"]
[WhiteElo "1699"]
[BlackElo "2205"]
[PlyCount "58"]
[EventDate "2014.??.??"]

1. e4 c5 2. Nf3 Nc6 3. d4 cxd4 4. Nxd4 e5 5. Nb5 d6 6. N1c3 a6 7. Na3 Be7 8.
Nc4 b5 9. Ne3 Nf6 10. Bd3 O-O 11. O-O Be6 12. a4 b4 13. Ncd5 Nd7 14. Bd2 a5 15.
Bb5 Rc8 16. c3 Nc5 17. cxb4 axb4 18. Nc4 Nd4 19. Bxb4 Bh4 20. Bxc5 dxc5 21.
Nce3 f5 22. Nc3 f4 23. Ned5 f3 24. g3 Qg5 25. Re1 c4 26. Ba6 Rc5 27. Ne3 Rf6
28. Ncd5 Bxd5 29. Nxd5 Rxa6 0-1

[Event "29ème Open International d'Echecs d'Avoi"]
[Site "Avoine"]
[Date "2014.07.19"]
[Round "5.23"]
[White "Rodriguez Rodriguez, Antonio"]
[Black "Gaftarnik, Olivier"]
[Result "1-0"]
[WhiteElo "2186"]
[BlackElo "1793"]
[PlyCount "41"]
[EventDate "2014.??.??"]

1. c4 Nf6 2. Nc3 g6 3. e4 d6 4. d4 Bg7 5. f3 a5 6. Bg5 h6 7. Be3 c6 8. Qd2 Na6
9. O-O-O Nc7 10. g4 h5 11. g5 Nd7 12. f4 b6 13. Nf3 Ba6 14. f5 b5 15. fxg6 bxc4
16. gxf7+ Kxf7 17. Qf2 Ke8 18. Bh3 Nf8 19. Rhf1 Bc8 20. Ne5 Be6 21. Bxe6 1-0

[Event "29ème Open International d'Echecs d'Avoi"]
[Site "Avoine"]
[Date "2014.07.19"]
[Round "5.24"]
[White "Humbert, Mathieu"]
[Black "Pietrasanta, Jeremy"]
[Result "0-1"]
[WhiteElo "1601"]
[BlackElo "2179"]
[PlyCount "88"]
[EventDate "2014.??.??"]

1. e4 g6 2. d4 Bg7 3. Nc3 c6 4. f4 d5 5. e5 Nh6 6. Be3 f6 7. Nf3 Bg4 8. h3 Bxf3
9. Qxf3 O-O 10. Qd1 fxe5 11. fxe5 Nf5 12. Bf2 c5 13. dxc5 e6 14. Bd3 Nc6 15.
O-O Nxe5 16. Bxf5 Rxf5 17. Ne2 Qe7 18. Nd4 Rf4 19. c3 Raf8 20. Qc2 Nd7 21. c6
bxc6 22. Nxc6 Qf7 23. Nd4 e5 24. g3 Rf6 25. Nb3 Bh6 26. Qe2 Rf3 27. Nd2 Bxd2
28. Qxd2 Nc5 29. Bxc5 Rxf1+ 30. Rxf1 Qxf1+ 31. Kh2 Rf7 32. Qxd5 Qe2+ 33. Kg1
Kg7 34. Qg2 Qe1+ 35. Kh2 Rd7 36. Bf2 Qe2 37. Bg1 Rd2 38. Qxe2 Rxe2+ 39. Kh1
Rxb2 40. Bxa7 Rxa2 41. Bc5 Rc2 42. Bd6 Kf6 43. Bb4 Kf5 44. Kg1 Ke4 0-1

[Event "29ème Open International d'Echecs d'Avoi"]
[Site "Avoine"]
[Date "2014.07.19"]
[Round "5.25"]
[White "Devallee, Jeremie"]
[Black "Banat, Rayan"]
[Result "1-0"]
[WhiteElo "2169"]
[BlackElo "1683"]
[PlyCount "55"]
[EventDate "2014.??.??"]

1. e4 d5 2. e5 Bf5 3. Nf3 e6 4. a3 a6 5. d3 c5 6. Nc3 Nc6 7. h3 Qc7 8. Bf4 h6
9. g4 Bg6 10. Bg2 h5 11. Nh4 Nge7 12. Bg3 hxg4 13. hxg4 d4 14. Nb1 Nxe5 15. Qe2
N7c6 16. Nxg6 Rxh1+ 17. Bxh1 Qa5+ 18. b4 Nxb4 19. Nxe5 Nxc2+ 20. Kf1 Nxa1 21.
Qf3 Qc7 22. Nc4 Qd7 23. Nb6 Qb5 24. Qxb7 Qxb1+ 25. Kg2 Rd8 26. Kh2 Rd6 27. Bc6+
Rxc6 28. Qd7# 1-0

[Event "29ème Open International d'Echecs d'Avoi"]
[Site "Avoine"]
[Date "2014.07.19"]
[Round "5.26"]
[White "Kirk, Ezra"]
[Black "Salgues, Michel"]
[Result "1-0"]
[WhiteElo "2308"]
[BlackElo "1739"]
[PlyCount "95"]
[EventDate "2014.??.??"]

1. d4 f5 2. Bg5 g6 3. Nd2 Bg7 4. e4 h6 5. Be3 d6 6. Bd3 Nf6 7. Qf3 e6 8. O-O-O
Ng4 9. exf5 Nxe3 10. fxg6 Nf5 11. g4 O-O 12. gxf5 Qf6 13. c3 exf5 14. h4 Bd7
15. Ne2 Bc6 16. Bc4+ Kh8 17. Bd5 a5 18. Nf4 a4 19. Nh5 Qd8 20. Rde1 a3 21. b3
Ra5 22. Bxc6 Nxc6 23. Qf4 Ne7 24. Nxg7 Kxg7 25. h5 Nd5 26. Qf3 Nf6 27. Re2 d5
28. Qxf5 c5 29. Rhe1 Ra6 30. Re7+ Kg8 31. g7 Rf7 32. Rxf7 Kxf7 33. Nf3 cxd4 34.
Nxd4 Kg8 35. Re6 Qc8 36. Re3 Qxf5 37. Nxf5 Ne4 38. f3 Nd6 39. Nxh6+ Kxg7 40.
Ng4 Nb5 41. h6+ Kg6 42. Re7 Nxc3 43. Rg7+ Kf5 44. h7 Nxa2+ 45. Kd2 Nc3 46. h8=Q
Nb1+ 47. Kd3 a2 48. Qh5+ 1-0

[Event "29ème Open International d'Echecs d'Avoi"]
[Site "Avoine"]
[Date "2014.07.19"]
[Round "5.27"]
[White "Fruteau, Sabine"]
[Black "Manea, Alexandru"]
[Result "1/2-1/2"]
[WhiteElo "2065"]
[BlackElo "2373"]
[PlyCount "54"]
[EventDate "2014.??.??"]

1. e4 e6 2. d4 d5 3. Nd2 dxe4 4. Nxe4 Nd7 5. Nf3 Ngf6 6. Bg5 Be7 7. Nxf6+ Nxf6
8. Bd3 c5 9. dxc5 Qa5+ 10. c3 Qxc5 11. O-O a6 12. a4 Bd7 13. Qe2 h6 14. Be3 Qh5
15. Bd4 Rc8 16. Ne5 Qxe2 17. Bxe2 Bc5 18. Rfd1 Bxd4 19. Rxd4 Ke7 20. Rad1 Rc7
21. a5 Rb8 22. Kf1 Be8 23. Nc4 Bb5 24. Nb6 Bc6 25. c4 Nd7 26. Nxd7 Rxd7 27. b4
Rxd4 1/2-1/2